| 000 | 00371nam a2200145Ia 4500 | ||
|---|---|---|---|
| 008 | 100415s9999 xx 000 0 und d | ||
| 082 |
_b6060 _a595.3 |
||
| 100 | _aGreen J | ||
| 245 | _aA Biology of Crustacea | ||
| 260 |
_aLONDON _c1961 _bHF AND G WITHERBY LTD |
||
| 365 | _b0 | ||
| 630 | _aA Biology of Crustacea | ||
| 730 | _aA Biology of Crustacea | ||
| 942 | _cBOOK | ||
| 999 |
_c589030 _d589027 |
||